000 00311nam a2200133Ia 4500
005 20251222155158.0
008 251222s9999||||xx |||||||||||||| ||spa||
082 _aREL.67
100 _aJUAN PABLO.
245 0 _aReconocemos seƱor al partir el pan
250 _a1ra. ed.
264 _bNo tiene
942 _cLIB
999 _c39818
_d39818